000 01022nam a2200229Ia 4500
001 L943-43822
003 IT-CnALBA
008 170116s9999||||xx |||||||||||||| ||und||
040 _aIT-CnALBA
_cIT-CnALBA
041 _aITALIANO
100 _aGALANTE-GARRONE ALESSANDRO
245 0 _aLE ORIGINI DEL RADICALISMO IN ITALIA. (DATTILOSCRITTO).
250 _a1a ed.
260 _aTORINO
_bGIAPPICHELLI TIPOGR. ARTIGIANA
_c1970 [1° Ed.:1970 - Ed.Ling.Originale: 1970]
300 _a125 p.
500 _aRADICALI E FRANCIA. TRA MAZZINI E CAVOUR. GARIBALDI E BERTANI. DAI COMITATI DI PROVVEDIMENTO ALL'OPPOSIZIONME PARLAMENTARE. DA BERTANI A CAVALLOTTI.
501 _aSocietà San Paolo EM - Piazza San Paolo, 14 - 12051 ALBA (CN) (non commercial uses only) ® Copyright 2017
520 _aRADICALI E FRANCIA. TRA MAZZINI E CAVOUR. GARIBALDI E BERTANI. DAI COMITATI DI PROVVEDIMENTO ALL'OPPOSIZIONME PARLAMENTARE. DA BERTANI A CAVALLOTTI.
650 _aSTORIA CONTEMPORANEA
942 _cBK
957 _71
999 _a49572
_bNO
_g Copie: 1
_c302791
_d302791